000 00502 a2200169 4500
999 _c7497
_d7497
020 _a9780435450250
050 _aHF5415 NEE 1995
100 _aNeedham, Dave
_eauthor
245 _aMarketing :
_beverybody's business /
_cDave Needham & Rob Dransfield
250 _a2nd ed.
264 _aOxford :
_bHeinemann Educational Publishers,
_c1995.
300 _a290p. :
_bill.
500 _aIncludes index
650 _aMarketing
700 _aDransfield, Rob
_eauthor
942 _2lcc
_cBK
_e2nd ed.
_h5415
_iNEE
_kHF